00243nam a2200109Ia 4500008004100000020001800041041000800059100001300067245002300080260002200103300000800125230724s2014 xx und d a9788180141683 aeng aPOTDAR H aTIRTHA ANK- KALYAN bGIBBS SMITHc2014 a812